000
00238nam a22000857a 4500
008
170111b xxu||||| |||| 00| 0 eng d
100
_9
2311
_a
Chattarjee. S
245
_a
Frank Environmental Education-9
260
_a
New Delhi
_b
Frank Brothers
_c
2005
999
_c
5229
_d
5229